The pilgrim project : a novel / (Record no. 20934)
[ view plain ]
| 000 -LEADER | |
|---|---|
| fixed length control field | 00653nam a22002173 4500 |
| 001 - CONTROL NUMBER | |
| control field | 20934 |
| 003 - CONTROL NUMBER IDENTIFIER | |
| rucl marc code | BD-RjUL |
| 005 - DATE AND TIME OF LATEST TRANSACTION | |
| control field | 20211209000629.0 |
| 008 - FIXED-LENGTH DATA ELEMENTS--GENERAL INFORMATION | |
| fixed length control field | 140302s1964 enk 000 1 eng d |
| 035 ## - SYSTEM CONTROL NUMBER | |
| System control number | OCLC pks04021672 from D961218K |
| -- | (BD-RjUL)20996 |
| 040 ## - CATALOGING SOURCE | |
| Original cataloging agency | EQO |
| Transcribing agency | EQO |
| Language of cataloging | eng |
| Modifying agency | BD-RjUL |
| 041 ## - LANGUAGE CODE | |
| Language code of text/sound track or separate title | eng |
| 082 ## - DEWEY DECIMAL CLASSIFICATION NUMBER | |
| Classification number | 823.1 |
| Author mark and year | SEP 1964 |
| 100 1# - MAIN ENTRY--PERSONAL NAME | |
| Personal name | Searls, Henry Hunt. |
| 9 (RLIN) | 64676 |
| 245 14 - TITLE STATEMENT | |
| Title | The pilgrim project : a novel / |
| Statement of responsibility, etc. | by Hank Searls. |
| 250 ## - EDITION STATEMENT | |
| Edition statement | 1st Brit. ed. |
| 260 ## - PUBLICATION, DISTRIBUTION, ETC. (IMPRINT) | |
| Place of publication, distribution, etc. | London ; |
| -- | NewYork : |
| Date of publication, distribution, etc. | 1964. |
| Name of publisher, distributor, etc. | McGraw-Hill Book Company, |
| 300 ## - PHYSICAL DESCRIPTION | |
| Pagination | 221 p. ; |
| Size | 19 cm. |
| 650 ## - SUBJECT ADDED ENTRY--TOPICAL TERM | |
| Topical term or geographic name as entry element | Space flight to the moon Fiction |
| 9 (RLIN) | 64677 |
| 942 ## - ADDED ENTRY ELEMENTS (KOHA) | |
| Source of classification or shelving scheme | Dewey Decimal Classification |
| Koha item type | Books |
| Lost status | Source of classification or shelving scheme | Damaged status | Not for loan | Collection code | Permanent Location | Current Location | Shelving location | Date acquired | Source of acquisition | Cost, normal purchase price | Total Checkouts | Full call number | Date last seen | Copy number | Koha item type |
|---|---|---|---|---|---|---|---|---|---|---|---|---|---|---|---|
| Dewey Decimal Classification | Added to bundle | Fiction | Central Library, University of Rajshahi | Central Library, University of Rajshahi | Reading Room | 12/11/1964 | Doufle and Company | 0.00 | 823.1 SEP 1964 | 02/03/2014 | C-1 | Books |